|
|
|
|
| LEADER |
00000nam0a2200000 4500 |
| 001 |
200390 |
| 005 |
20231031184655.0 |
| 010 |
|
|
|a 5853000047
|
| 020 |
|
|
|a RU
|b 91-13289
|
| 035 |
|
|
|a (RuTPU)RU\TPU\book\218460
|
| 090 |
|
|
|a 200390
|
| 100 |
|
|
|a 20110906d1991 m y0rusy5003 ca
|
| 101 |
1 |
|
|a rus
|c eng
|
| 102 |
|
|
|a RU
|
| 105 |
|
|
|a a z 000zy
|
| 200 |
1 |
|
|a Эффект Геллера. Моя история
|f Ури Геллер, Гай Лайон Плэйфайр
|g авт. предисл. А. П. Дубров
|
| 210 |
|
|
|a Москва
|c СП "Соваминко"
|d 1991
|
| 215 |
|
|
|a 576 с. встреч. паг.
|c ил.
|d 21 см
|
| 610 |
1 |
|
|a парапсихология
|
| 610 |
1 |
|
|a психика
|
| 610 |
1 |
|
|a особые состояния
|
| 610 |
1 |
|
|a экстрасенсорное восприятие
|
| 610 |
1 |
|
|a персонажи
|
| 686 |
|
|
|a Ю96
|2 rubbk
|
| 700 |
|
1 |
|a Геллер
|b Ури
|4 070
|
| 701 |
|
1 |
|a Плэйфайр
|b Гай Лайон
|4 070
|
| 702 |
|
1 |
|a Дубров
|b А. П.
|4 080
|
| 801 |
|
0 |
|a RU
|b RuMRKP
|c 19950417
|g psbo
|
| 801 |
|
1 |
|a RU
|b 63413507
|c 20110906
|
| 801 |
|
2 |
|a RU
|b 63413507
|c 20200827
|g RCR
|
| 942 |
|
|
|c BK
|